000
00279nam a22001337a 4500
020
_a
0-375-40137-7
082
_a
821
_b
MCC/T
100
_a
CLATCHY, M C
245
_a
COMMANDMENTS
260
_a
NEWYORK
_b
ALFRED A KNOPF
300
_a
104
650
_a
POEMS
_z
NEW YORK
942
_c
BK
999
_c
3981
_d
3981